[Event "Lliga Catalana DH Final B"]
[Site "?"]
[Date "2015.04.18"]
[Round "11.9"]
[White "Gallardo Bernal, E."]
[Black "Jover Font, P."]
[Result "0-1"]
[WhiteElo "2041"]
[BlackElo "2156"]
[PlyCount "109"]
[EventDate "2015.??.??"]
[EventType "team"]

1. e4 e5 2. Nf3 Nc6 3. Bb5 a6 4. Bxc6 dxc6 5. O-O Bg4 6. h3 Bh5 7. g4 Bg6 8.
Nxe5 Qh4 9. Qf3 Bd6 10. d4 Bxe5 11. dxe5 h5 12. Nc3 hxg4 13. Qxg4 Qxh3 14. Qxh3
Rxh3 15. Bg5 Rh5 16. Bf4 Bxe4 17. Nxe4 Rh4 18. Nd6+ cxd6 19. Bg3 Rc4 20. exd6
Rxc2 21. Rfe1+ Kd7 22. Re4 Re8 23. Rb4 b5 24. a4 Rc4 25. Rxc4 bxc4 26. Rc1 Re2
27. Rxc4 Rxb2 28. Rc5 Nf6 29. Ra5 Rb6 30. f3 Nd5 31. Bf2 Rb3 32. Kg2 Nb4 33.
Bc5 Nd3 34. Bd4 Nf4+ 35. Kf2 Ne6 36. Be3 Rb2+ 37. Kg3 Kxd6 38. Rxa6 f5 39. a5
g5 40. Bb6 Rb3 41. Kf2 Nc5 42. Ra8 Nd3+ 43. Kg2 Ne1+ 44. Kf2 Nxf3 45. Bd8 g4
46. a6 f4 47. a7 g3+ 48. Kf1 Nd2+ 49. Kg1 f3 50. Bc7+ Kxc7 51. Rc8+ Kd7 52.
Rd8+ Ke6 53. Re8+ Kd5 54. Rd8+ Kc5 55. a8=Q 0-1

[Event "Lliga Catalana DH Final B"]
[Site "?"]
[Date "2015.04.18"]
[Round "11.10"]
[White "Corriguelas Armillas, F."]
[Black "Caro Martinez, R."]
[Result "1-0"]
[WhiteElo "2123"]
[BlackElo "1924"]
[PlyCount "90"]
[EventDate "2015.??.??"]
[EventType "team"]

1. e4 d6 2. Nc3 c6 3. d4 g6 4. Be3 Bg7 5. Qd2 b5 6. Bd3 a5 7. d5 b4 8. Na4 c5
9. Bb5+ Nd7 10. O-O-O Ngf6 11. f3 O-O 12. Bh6 Nb6 13. h4 Bd7 14. Nxb6 Qxb6 15.
Bxd7 Nxd7 16. h5 Bh8 17. hxg6 fxg6 18. Bxf8 Nxf8 19. f4 c4 20. Nf3 Bxb2+ 21.
Kb1 Bc3 22. Qc1 a4 23. Ng5 b3 24. cxb3 Qb4 25. Rh3 Bf6 26. Qxc4 Qa3 27. Rd2 Rb8
28. e5 Rb4 29. Qc1 Qxc1+ 30. Kxc1 dxe5 31. Ne6 Nxe6 32. dxe6 axb3 33. Rxb3 Rxf4
34. Rd8+ Kg7 35. a3 Bg5 36. Kd1 Rf2 37. Rf3 Rxg2 38. Rf7+ Kh6 39. Rh8 Kh5 40.
Rhxh7+ Kg4 41. Rhg7 Rd2+ 42. Ke1 Kh5 43. Rxe7 Rd6 44. Re8 Kh6 45. Rd7 Rc6 1-0

[Event "Lliga Catalana DH Final B"]
[Site "?"]
[Date "2015.04.18"]
[Round "11.1"]
[White "Oratovsky, M."]
[Black "Alarcon Casellas, R."]
[Result "1/2-1/2"]
[WhiteElo "2530"]
[BlackElo "2503"]
[PlyCount "21"]
[EventDate "2015.??.??"]
[EventType "team"]

1. e4 c5 2. Nf3 e6 3. d4 cxd4 4. Nxd4 Nc6 5. Nb5 d6 6. c4 Nf6 7. N1c3 a6 8. Na3
Qc7 9. Be2 Be7 10. O-O Nb8 11. Be3 1/2-1/2

[Event "Lliga Catalana DH Final B"]
[Site "?"]
[Date "2015.04.18"]
[Round "11.2"]
[White "Vidarte Morales, A."]
[Black "Hernando Rodrigo, JA."]
[Result "1/2-1/2"]
[WhiteElo "2427"]
[BlackElo "2400"]
[PlyCount "41"]
[EventDate "2015.??.??"]
[EventType "team"]

1. d4 Nf6 2. Nf3 e6 3. g3 b6 4. Bg2 Bb7 5. O-O c5 6. c4 cxd4 7. Qxd4 Be7 8. Nc3
Nc6 9. Qd2 O-O 10. b3 a6 11. Bb2 Qc7 12. Rac1 Rac8 13. Rfd1 Qb8 14. e4 d6 15.
Qe2 Rfd8 16. Na4 Ba8 17. e5 dxe5 18. Nxe5 Rxd1+ 19. Rxd1 b5 20. Nxc6 Bxc6 21.
Be5 1/2-1/2

[Event "Lliga Catalana DH Final B"]
[Site "?"]
[Date "2015.04.18"]
[Round "11.4"]
[White "Fernandez Cazorla, A."]
[Black "Castellet Giralt, G."]
[Result "1/2-1/2"]
[WhiteElo "2322"]
[BlackElo "2286"]
[PlyCount "20"]
[EventDate "2015.??.??"]
[EventType "team"]

1. d4 d5 2. c4 c6 3. Nf3 Nf6 4. g3 g6 5. Bg2 Bg7 6. O-O O-O 7. Nc3 dxc4 8. Ne5
Be6 9. e4 Nbd7 10. f4 Qb6 1/2-1/2

[Event "Lliga Catalana DH Final B"]
[Site "?"]
[Date "2015.04.18"]
[Round "11.5"]
[White "Garcia Acosta, R."]
[Black "Asensio Liñan, T."]
[Result "0-1"]
[WhiteElo "2216"]
[BlackElo "2254"]
[PlyCount "64"]
[EventDate "2015.??.??"]
[EventType "team"]

1. e4 g6 2. d4 Bg7 3. Nf3 c5 4. c4 cxd4 5. Nxd4 Qb6 6. Nb3 Nc6 7. Nc3 Bxc3+ 8.
bxc3 Nf6 9. Be3 Qc7 10. f3 d6 11. Be2 Ne5 12. c5 dxc5 13. Bxc5 Be6 14. Bd4 O-O
15. O-O Ned7 16. c4 a5 17. a4 Rfd8 18. Qc2 Ne5 19. Rfc1 Rxd4 20. Nxd4 Qc5 21.
Rd1 Rd8 22. Qb2 Nc6 23. Qb5 Qa7 24. Kh1 Rxd4 25. Rxd4 Nxd4 26. Qb2 Qc5 27. Bf1
Bc8 28. e5 Nd7 29. Rd1 Ne6 30. Rd5 Qe3 31. Qa1 b6 32. Rd1 Qxe5 0-1

[Event "Lliga Catalana DH Final B"]
[Site "?"]
[Date "2015.04.18"]
[Round "11.6"]
[White "Soler Rionegro, A."]
[Black "Valencia Jimenez, J."]
[Result "0-1"]
[WhiteElo "2051"]
[BlackElo "2185"]
[PlyCount "64"]
[EventDate "2015.??.??"]
[EventType "team"]

1. e4 c5 2. d3 Nc6 3. g3 g6 4. Bg2 Bg7 5. c3 e6 6. Be3 d6 7. Nf3 Nge7 8. Qd2
O-O 9. Bh6 d5 10. Bxg7 Kxg7 11. O-O f5 12. exd5 exd5 13. d4 f4 14. Na3 c4 15.
Nc2 Qd6 16. Rae1 Bf5 17. Ne5 g5 18. g4 Bg6 19. Nxg6 Nxg6 20. Bf3 Nh4 21. Bd1
Qg6 22. f3 h5 23. h3 hxg4 24. hxg4 b5 25. Nb4 Nxb4 26. cxb4 Rae8 27. Qf2 Qd3
28. Bc2 Qxf3 29. Rxe8 Qxg4+ 30. Kh1 Rxe8 31. Bd1 Qh3+ 32. Kg1 Re3 0-1

[Event "Lliga Catalana DH Final B"]
[Site "?"]
[Date "2015.04.18"]
[Round "11.7"]
[White "Vives Jaume, O."]
[Black "Gil Gil, A."]
[Result "1-0"]
[WhiteElo "2193"]
[BlackElo "1979"]
[PlyCount "63"]
[EventDate "2015.??.??"]
[EventType "team"]

1. d4 Nf6 2. c4 e6 3. Nc3 c5 4. d5 d6 5. e4 Be7 6. Bd3 Nbd7 7. dxe6 fxe6 8. Nf3
Ng4 9. Bf4 O-O 10. Bg3 a6 11. O-O Ndf6 12. e5 dxe5 13. Nxe5 Nxe5 14. Bxe5 Nd7
15. Bg3 Nf6 16. Qe2 Qe8 17. Rae1 Qh5 18. Qc2 Bd7 19. Ne4 b5 20. Nd6 Ne8 21. Re5
g5 22. Nxe8 Raxe8 23. h4 h6 24. Bg6 Qg4 25. Re4 Rf4 26. Bxf4 gxf4 27. Bxe8 Bxe8
28. Qe2 Qxh4 29. g3 Qh3 30. Rxf4 Bc6 31. Qg4+ Qxg4 32. Rxg4+ 1-0

[Event "Lliga Catalana DH Final B"]
[Site "?"]
[Date "2015.04.18"]
[Round "11.8"]
[White "Sole Bove, J."]
[Black "Comallonga Fernandez, J."]
[Result "0-1"]
[WhiteElo "2011"]
[BlackElo "2153"]
[PlyCount "66"]
[EventDate "2015.??.??"]
[EventType "team"]

1. Nf3 Nf6 2. d4 e6 3. g3 b6 4. Bg2 Bb7 5. O-O Be7 6. c4 O-O 7. Nc3 Ne4 8. Qc2
Nxc3 9. bxc3 f5 10. Ne1 Bxg2 11. Nxg2 Nc6 12. a4 Qe8 13. Ba3 Bxa3 14. Rxa3 d6
15. e3 e5 16. d5 Na5 17. Qe2 Nb7 18. Rfa1 a5 19. Rb3 Nc5 20. Rba3 Rf6 21. Qc2
Qh5 22. h4 Raf8 23. Qd1 Qg6 24. Kh2 f4 25. exf4 exf4 26. Qf3 fxg3+ 27. Qxg3 Qh5
28. Re1 Rxf2 29. Re7 R2f7 30. Rxf7 Qxf7 31. Ra2 Qf3 32. Qxf3 Rxf3 33. Re2 Kf7
0-1

[Event "Lliga Catalana DH Final B"]
[Site "?"]
[Date "2015.04.18"]
[Round "11.9"]
[White "Grau Garsaball, J."]
[Black "Oliva Anell, J."]
[Result "1/2-1/2"]
[WhiteElo "2132"]
[BlackElo "1936"]
[PlyCount "39"]
[EventDate "2015.??.??"]
[EventType "team"]

1. d4 Nf6 2. c4 e6 3. Nc3 Bb4 4. Qc2 c5 5. e3 b6 6. Nf3 Bb7 7. Be2 Ne4 8. O-O
Bxc3 9. bxc3 O-O 10. Rd1 f5 11. d5 Qf6 12. Bb2 Na6 13. Qa4 Rfd8 14. Rac1 Nc7
15. Qb3 Ne8 16. a4 Rab8 17. Rd3 N8d6 18. Bf1 exd5 19. Nd2 Nxd2 20. Rxd2 1/2-1/2

[Event "Lliga Catalana DH Final B"]
[Site "?"]
[Date "2015.04.18"]
[Round "11.10"]
[White "Izquierdo Morato, J."]
[Black "Jimenez Ruano, A."]
[Result "0-1"]
[WhiteElo "1831"]
[BlackElo "2147"]
[PlyCount "56"]
[EventDate "2015.??.??"]
[EventType "team"]

1. d4 d5 2. c4 e6 3. Nc3 c6 4. Nf3 Nf6 5. a3 Nbd7 6. Bg5 Be7 7. e3 O-O 8. c5
Ne4 9. Bf4 Nxc3 10. bxc3 f6 11. Bd3 e5 12. dxe5 fxe5 13. Nxe5 Nxc5 14. Bxh7+
Kxh7 15. Qh5+ Kg8 16. Ng6 Nd3+ 17. Kf1 Rf5 18. Qh8+ Kf7 19. Qh7 Bd7 20. g4 Rf6
21. Ne5+ Nxe5 22. Bxe5 Rg6 23. f3 Bf6 24. Bd4 Bxd4 25. cxd4 Qf6 26. Ke2 Re8 27.
Kd2 Qd8 28. Rac1 Rh8 0-1

[Event "Lliga Catalana DH Final B"]
[Site "?"]
[Date "2015.04.18"]
[Round "11.1"]
[White "Muñoz Pantoja, MA."]
[Black "Herraiz Hidalgo, H."]
[Result "0-1"]
[WhiteElo "2482"]
[BlackElo "2473"]
[PlyCount "162"]
[EventDate "2015.??.??"]
[EventType "team"]

1. e4 e6 2. d4 d5 3. Nd2 c5 4. dxc5 Bxc5 5. Bd3 Nf6 6. Qe2 Nc6 7. Ngf3 O-O 8.
O-O Qc7 9. e5 Nd7 10. Nb3 Bb6 11. Bxh7+ Kxh7 12. Ng5+ Kg6 13. Qd3+ f5 14. Qg3
Qxe5 15. Bf4 Qe2 16. Nxe6+ Qg4 17. Nxf8+ Nxf8 18. Rad1 Qxg3 19. hxg3 Be6 20. c3
Nd7 21. Rfe1 Kf7 22. Be3 Bxe3 23. Rxe3 Kf6 24. f3 Rc8 25. Kf2 b6 26. Nd4 Bf7
27. Nb5 Nde5 28. Kg1 Nc4 29. Re2 a6 30. Nd4 b5 31. a3 Nxd4 32. cxd4 a5 33. g4
f4 34. Rc1 a4 35. g3 fxg3 36. Rce1 g5 37. Kg2 b4 38. Kxg3 Rb8 39. Rh1 Bg6 40.
Rhe1 Bf7 41. Rh1 bxa3 42. bxa3 Rb3 43. Rh8 Rxa3 44. Ra8 Rd3 45. Rxa4 Rxd4 46.
Ra6+ Kg7 47. Ra7 Rf4 48. Rd7 Kf6 49. Kg2 Rd4 50. Kg3 Rd3 51. Ra7 d4 52. Ra6+
Kg7 53. Kf2 Bd5 54. Re7+ Kf8 55. Rd7 Rxf3+ 56. Ke1 Ne3 57. Raa7 Bf7 58. Ra8+
Kg7 59. Ra5 Kf6 60. Ra6+ Kg7 61. Ra5 Kf6 62. Ra6+ Be6 63. Ke2 Nxg4 64. Rxd4
Rf2+ 65. Ke1 Rf4 66. Rdd6 Re4+ 67. Kd2 Nh6 68. Rd8 Nf5 69. Rf8+ Ke5 70. Re8 Nd6
71. Re7 g4 72. Rg7 Nf5 73. Rg6 Bd5 74. Rg5 g3 75. Rag6 Rd4+ 76. Kc3 Ra4 77. Kb2
Ra2+ 78. Kc3 Ra4 79. Kb2 g2 80. Kc3 Ra3+ 81. Kd2 Bf3 0-1

[Event "Lliga Catalana DH Final B"]
[Site "?"]
[Date "2015.04.18"]
[Round "11.2"]
[White "Amigo Vilalta, J."]
[Black "Pablo Mari, A."]
[Result "0-1"]
[WhiteElo "2341"]
[BlackElo "2442"]
[PlyCount "100"]
[EventDate "2015.??.??"]
[EventType "team"]

1. d4 d6 2. Nf3 g6 3. g3 Bg7 4. Bg2 Nd7 5. O-O e5 6. dxe5 dxe5 7. Nc3 Ngf6 8.
e4 O-O 9. Qe2 c6 10. a4 Re8 11. a5 Bf8 12. Qc4 Qe7 13. a6 Nb6 14. Qe2 bxa6 15.
b3 Qc7 16. Bg5 Nfd7 17. Nd2 Nc5 18. Be3 Ne6 19. f4 Nd4 20. Bxd4 exd4 21. Na4
Nd5 22. Nc4 Nb4 23. Nab2 Rb8 24. Qd2 Rd8 25. Nd3 Be6 26. Nxb4 Bxb4 27. Qd3 a5
28. f5 Bxc4 29. Qxc4 Rb5 30. fxg6 hxg6 31. Rf6 Rc5 32. Qe2 d3 33. cxd3 Bc3 34.
Raf1 Bxf6 35. Rxf6 Rc1+ 36. Bf1 Qb6+ 37. Rf2 Qxb3 38. Kg2 a4 39. h4 a3 40. Qd2
Rxf1 41. Rxf1 Qxd3 42. Qf4 Qd2+ 43. Kf3 Rd3+ 44. Kg4 Qxf4+ 45. gxf4 a2 46. f5
gxf5+ 47. exf5 c5 48. Kg5 Kg7 49. f6+ Kh7 50. Kf4 c4 0-1

[Event "Lliga Catalana DH Final B"]
[Site "?"]
[Date "2015.04.18"]
[Round "11.3"]
[White "Pomes Marcet, J."]
[Black "Canal Oliveras, J."]
[Result "1/2-1/2"]
[WhiteElo "2397"]
[BlackElo "2339"]
[PlyCount "73"]
[EventDate "2015.??.??"]
[EventType "team"]

1. d4 f5 2. g3 Nf6 3. Bg2 e6 4. Nf3 d5 5. c4 c6 6. O-O Bd6 7. Bf4 Bxf4 8. gxf4
O-O 9. Nc3 Nbd7 10. cxd5 exd5 11. Ne5 Ne4 12. e3 Nxe5 13. dxe5 Nxc3 14. bxc3
Qe7 15. Qd4 Be6 16. Rab1 b6 17. Rfd1 Qa3 18. Qb4 Qxa2 19. Qd6 Rfe8 20. Qxc6
Rac8 21. Qb5 Red8 22. Ra1 Qc4 23. Qxc4 dxc4 24. Rxd8+ Rxd8 25. Rxa7 Rd1+ 26.
Bf1 b5 27. f3 Bd5 28. Kf2 Rc1 29. Ra3 Kf7 30. Be2 h6 31. Ra7+ Kf8 32. Ra3 Ke7
33. h4 Rh1 34. Kg3 Rg1+ 35. Kf2 Rh1 36. Kg3 Rg1+ 37. Kf2 1/2-1/2

[Event "Lliga Catalana DH Final B"]
[Site "?"]
[Date "2015.04.18"]
[Round "11.4"]
[White "Dalo, H."]
[Black "Ubach Miralda, M."]
[Result "1-0"]
[WhiteElo "2312"]
[BlackElo "2391"]
[PlyCount "87"]
[EventDate "2015.??.??"]
[EventType "team"]

1. d4 d5 2. c4 c6 3. Nf3 Nf6 4. Qb3 g6 5. Nc3 Bg7 6. cxd5 cxd5 7. Bg5 O-O 8. e3
Nc6 9. Bxf6 exf6 10. Qxd5 Qe7 11. Qc5 Qxc5 12. dxc5 f5 13. Rc1 Be6 14. Bb5 Rfc8
15. O-O a6 16. Bxc6 Rxc6 17. b4 Rd8 18. Ne2 Bxa2 19. Nfd4 Rcc8 20. Rfd1 Bd5 21.
Nf4 Bc6 22. h4 Ba4 23. Rd3 Bf6 24. g3 Rc7 25. Rcc3 Be8 26. Rc2 h6 27. Rcd2 a5
28. bxa5 Rxc5 29. Nb3 Rxd3 30. Rxd3 Rb5 31. Nd5 Kg7 32. Nc7 Re5 33. Nxe8+ Rxe8
34. Nc5 Ra8 35. Nxb7 Ra7 36. Rb3 Be5 37. Rb5 Bc7 38. Kf1 Kf6 39. Ke2 Ke7 40.
Kd3 Ra8 41. Kc4 Kd7 42. Kd5 Bb8 43. a6 Ba7 44. Nd6 1-0

[Event "Lliga Catalana DH Final B"]
[Site "?"]
[Date "2015.04.18"]
[Round "11.5"]
[White "Simon Padros, E."]
[Black "Vera Pons, F."]
[Result "1/2-1/2"]
[WhiteElo "2327"]
[BlackElo "2314"]
[PlyCount "36"]
[EventDate "2015.??.??"]
[EventType "team"]

1. e4 g6 2. d4 Bg7 3. Nc3 d6 4. Be3 Nc6 5. f4 Nf6 6. h3 O-O 7. g4 e5 8. dxe5
dxe5 9. f5 gxf5 10. exf5 Qxd1+ 11. Rxd1 Rd8 12. Rxd8+ Nxd8 13. Rh2 Bd7 14. Nf3
Nc6 15. Rd2 Re8 16. Kf2 h6 17. Bc4 e4 18. Ne1 Ne5 1/2-1/2

[Event "Lliga Catalana DH Final B"]
[Site "?"]
[Date "2015.04.18"]
[Round "11.6"]
[White "Ballesteros Collazos, S."]
[Black "Duran Albareda, X."]
[Result "1-0"]
[WhiteElo "2309"]
[BlackElo "2329"]
[PlyCount "109"]
[EventDate "2015.??.??"]
[EventType "team"]

1. e4 e5 2. Nf3 Nc6 3. Bc4 Nf6 4. d3 h6 5. O-O d6 6. c3 g6 7. d4 Qe7 8. Re1 Bg7
9. h3 O-O 10. Nbd2 Nd7 11. Nf1 Nd8 12. Be3 Ne6 13. Qd2 Kh7 14. Bb3 f6 15. Ng3
Ng5 16. Nh2 Nb8 17. h4 Nf7 18. h5 g5 19. Bd1 Nd8 20. d5 c5 21. Bg4 Bxg4 22.
Nxg4 a5 23. b4 Na6 24. bxc5 Nxc5 25. Bxc5 dxc5 26. Rab1 c4 27. Rb2 Rf7 28. Reb1
Rc8 29. Rb5 Qa3 30. Ne3 Rd7 31. Nc2 Qf8 32. Rxa5 Ne6 33. Rab5 Rcc7 34. Ne3 Nf4
35. Qd1 Qf7 36. R5b4 Bf8 37. Rxc4 Bc5 38. Ra4 b6 39. Nc4 Rb7 40. Ra6 Qf8 41.
Nf5 Qd8 42. Qf3 Ra7 43. Rxa7 Rxa7 44. Rb2 Qc8 45. Nce3 Qa6 46. Ng4 Nxh5 47. g3
Qc8 48. Kg2 Kg6 49. Nfxh6 Ra3 50. Rb1 Rxa2 51. Rh1 Bxf2 52. Nxf2 g4 53. Qf5+
Qxf5 54. Nxf5 Kg5 55. d6 1-0

[Event "Lliga Catalana DH Final B"]
[Site "?"]
[Date "2015.04.18"]
[Round "11.7"]
[White "Armengol Comas, J."]
[Black "Martin Grillo, R."]
[Result "0-1"]
[WhiteElo "2320"]
[BlackElo "2303"]
[PlyCount "114"]
[EventDate "2015.??.??"]
[EventType "team"]

1. e4 c5 2. d3 g6 3. g3 Bg7 4. Bg2 Nc6 5. f4 d6 6. Nf3 Nf6 7. O-O O-O 8. h3 Rb8
9. Nc3 b5 10. Be3 b4 11. Ne2 Nd7 12. Rb1 Qa5 13. Nd2 Nd4 14. Nc4 Qc7 15. g4 Nb6
16. f5 Nxc4 17. dxc4 Nxe2+ 18. Qxe2 Qa5 19. Kh1 Qxa2 20. b3 a5 21. Bg5 Re8 22.
f6 Bxf6 23. Bxf6 exf6 24. Qd3 Be6 25. Ra1 Qb2 26. Rxa5 Qe5 27. Rd1 Ra8 28. Rxa8
Rxa8 29. Qxd6 Ra1 30. Qd3 Kg7 31. Rxa1 Qxa1+ 32. Kh2 Qe5+ 33. Kg1 Qa1+ 34. Kf2
Qe5 35. Qf3 Bc8 36. Qg3 Bb7 37. Qxe5 fxe5 38. g5 h6 39. h4 hxg5 40. hxg5 f6 41.
gxf6+ Kxf6 42. Kg3 Kg5 43. Bf3 Bc6 44. Bg2 Bd7 45. Bf3 Be6 46. Be2 Kh6 47. Kh4
g5+ 48. Kg3 Bf7 49. Kf2 Bh5 50. Bd3 Bg4 51. Ke3 Kh5 52. c3 bxc3 53. Be2 Bxe2
54. Kxe2 Kg6 55. b4 cxb4 56. c5 Kf6 57. c6 Ke6 0-1

[Event "Lliga Catalana DH Final B"]
[Site "?"]
[Date "2015.04.18"]
[Round "11.9"]
[White "Del Amo Carbo, J."]
[Black "Serrano Aspa, X."]
[Result "1/2-1/2"]
[WhiteElo "2207"]
[BlackElo "2262"]
[PlyCount "64"]
[EventDate "2015.??.??"]
[EventType "team"]

1. d4 f5 2. Nf3 Nf6 3. g3 e6 4. Bg2 d5 5. O-O Bd6 6. b3 Qe7 7. Bb2 O-O 8. Nbd2
c5 9. e3 Nc6 10. c4 b6 11. Ne5 Bb7 12. Ndf3 Rfd8 13. Qe2 Rac8 14. Rfd1 Bb8 15.
Rac1 Nxe5 16. Nxe5 dxc4 17. Bxb7 Qxb7 18. Nxc4 Ne4 19. f3 Ng5 20. Kg2 b5 21.
Nd2 cxd4 22. exd4 Rxc1 23. Rxc1 e5 24. Rc5 a6 25. Rc1 exd4 26. Re1 Qd7 27. h4
Nf7 28. Bxd4 h6 29. Be3 Re8 30. Qf2 Qe6 31. Nf1 Ba7 32. Qb2 Qd7 1/2-1/2

[Event "Lliga Catalana DH Final B"]
[Site "?"]
[Date "2015.04.18"]
[Round "11.10"]
[White "Saez Coma, A."]
[Black "Flores de Paco, D."]
[Result "1-0"]
[WhiteElo "2192"]
[BlackElo "2147"]
[PlyCount "57"]
[EventDate "2015.??.??"]
[EventType "team"]

1. d4 d6 2. Nf3 Bg4 3. Nbd2 Nf6 4. g3 Nbd7 5. h3 Bh5 6. Bg2 e5 7. dxe5 dxe5 8.
Nc4 Qe7 9. c3 Bxf3 10. exf3 Qe6 11. Qe2 O-O-O 12. O-O Nd5 13. Rd1 Be7 14. f4
exf4 15. Qf3 c6 16. Bxf4 Nxf4 17. Qxf4 g5 18. Qe4 Qxe4 19. Bxe4 Kc7 20. Bf5 h6
21. Bxd7 Rxd7 22. Ne5 Bd6 23. Nxd7 Kxd7 24. Rd2 Kc7 25. Rad1 Rd8 26. Kg2 b5 27.
Kf3 f5 28. Re2 h5 29. Re5 1-0

[Event "Lliga Catalana DH Final B"]
[Site "?"]
[Date "2015.04.18"]
[Round "11.1"]
[White "Beltran Rueda, S."]
[Black "Jerez Perez, A."]
[Result "1/2-1/2"]
[WhiteElo "2459"]
[BlackElo "2466"]
[PlyCount "30"]
[EventDate "2015.??.??"]
[EventType "team"]

1. Nf3 Nf6 2. c4 g6 3. Nc3 d5 4. cxd5 Nxd5 5. Qa4+ Nc6 6. Nd4 Qd7 7. Nxc6 Qxc6
8. Qxc6+ bxc6 9. g3 Bg7 10. Bg2 Be6 11. O-O O-O 12. Rb1 Rab8 13. Nxd5 cxd5 14.
b3 c5 15. Bb2 c4 1/2-1/2

[Event "Lliga Catalana DH Final B"]
[Site "?"]
[Date "2015.04.18"]
[Round "11.2"]
[White "Granados Gomez, M."]
[Black "Fernandez Aguado, E."]
[Result "1-0"]
[WhiteElo "2442"]
[BlackElo "2388"]
[PlyCount "65"]
[EventDate "2015.??.??"]
[EventType "team"]

1. e4 e5 2. Nf3 Nc6 3. Bc4 Bc5 4. d3 Nf6 5. h3 d5 6. exd5 Nxd5 7. O-O O-O 8.
Re1 Nb6 9. Bb3 Bd6 10. Bg5 Qd7 11. Nc3 Kh8 12. Ne4 f5 13. Nxd6 cxd6 14. Be3 Na5
15. Bxb6 axb6 16. Qd2 Qc7 17. Bd5 Nc6 18. Bb3 h6 19. d4 e4 20. Nh2 Qd8 21. c4
Qf6 22. Rad1 f4 23. Kh1 f3 24. g4 Qh4 25. Rxe4 Qxh3 26. Rg1 Na5 27. Bc2 Nxc4
28. Qd3 Nxb2 29. Qb3 Na4 30. Re3 h5 31. Rg3 Qh4 32. Rgxf3 Bxg4 33. Qd3 1-0

[Event "Lliga Catalana DH Final B"]
[Site "?"]
[Date "2015.04.18"]
[Round "11.4"]
[White "Almeida Toledano, D."]
[Black "Escobar Torres, A."]
[Result "1-0"]
[WhiteElo "2357"]
[BlackElo "2261"]
[PlyCount "23"]
[EventDate "2015.??.??"]
[EventType "team"]

1. e4 e5 2. Bc4 Bc5 3. d3 d6 4. Nc3 c6 5. Nge2 Be6 6. O-O b5 7. Bxe6 fxe6 8. d4
exd4 9. Nxd4 Qf6 10. Nb3 Bb4 11. Nxb5 cxb5 12. Qh5+ 1-0

[Event "Lliga Catalana DH Final B"]
[Site "?"]
[Date "2015.04.18"]
[Round "11.5"]
[White "Maroto Borras, JL."]
[Black "Ryan, J."]
[Result "0-1"]
[WhiteElo "2205"]
[BlackElo "2345"]
[PlyCount "98"]
[EventDate "2015.??.??"]
[EventType "team"]

1. e4 e6 2. d4 d5 3. e5 c5 4. c3 Ne7 5. Bd3 Nec6 6. Nf3 Nd7 7. O-O Be7 8. Be3
a5 9. Nbd2 cxd4 10. cxd4 a4 11. h4 h6 12. h5 Nb6 13. b3 Bd7 14. Ne1 Nb4 15. Be2
axb3 16. axb3 Rxa1 17. Qxa1 O-O 18. Ndf3 Qa8 19. Qd1 Qa2 20. Nd3 Bb5 21. Nc1
Bxe2 22. Qxe2 Qxe2 23. Nxe2 Rc8 24. Rc1 Rxc1+ 25. Nxc1 Nd7 26. Ne1 Nb8 27. Ncd3
N8c6 28. Kf1 Nxd3 29. Nxd3 Na5 30. Nc1 Ba3 31. Bd2 Nc6 32. Ne2 Bb2 33. Be3 Na5
34. Bc1 Ba1 35. b4 Nc6 36. b5 Nxd4 37. Nxd4 Bxd4 38. f4 g6 39. g4 gxh5 40. gxh5
Kg7 41. Ke2 f6 42. exf6+ Kxf6 43. Kf3 Kf5 44. Ba3 Bg7 45. Bc1 d4 46. Bd2 Bf8
47. Ba5 Bd6 48. Bb6 Bxf4 49. Bxd4 e5 0-1

[Event "Lliga Catalana DH Final B"]
[Site "?"]
[Date "2015.04.18"]
[Round "11.6"]
[White "Garrido Fernandez, D."]
[Black "Draghici Flutor, G."]
[Result "1/2-1/2"]
[WhiteElo "2326"]
[BlackElo "2191"]
[PlyCount "161"]
[EventDate "2015.??.??"]
[EventType "team"]

1. e4 c5 2. Nf3 Nc6 3. Bb5 e6 4. Bxc6 bxc6 5. d3 Ne7 6. Qe2 Ng6 7. h4 Be7 8. h5
Nh4 9. Nxh4 Bxh4 10. e5 Bg5 11. Nd2 O-O 12. Ne4 Bxc1 13. Rxc1 f5 14. Nd6 Qg5
15. O-O f4 16. Qf3 Qxe5 17. Nc4 Qg5 18. Rce1 Rf5 19. Nd6 Rd5 20. Ne4 Qh6 21. g4
fxg3 22. fxg3 Rf5 23. Qg4 d5 24. Nd6 Rf6 25. Rxf6 Qxf6 26. Rf1 Qd4+ 27. Qxd4
cxd4 28. Rf7 e5 29. Rc7 Bg4 30. h6 gxh6 31. Nf7 Bd1 32. Nxh6+ Kh8 33. Nf7+ Kg7
34. Nxe5+ Kf6 35. Nxc6 Bxc2 36. Nb4 Bd1 37. Nxd5+ Ke5 38. Nf4 h5 39. Rc5+ Kf6
40. Nxh5+ Bxh5 41. Rxh5 Rc8 42. Kf2 Rc2+ 43. Kf3 Rxb2 44. Ra5 Rb7 45. Ke4 Rd7
46. Rd5 Rg7 47. Rd6+ Ke7 48. Ra6 Rxg3 49. Rxa7+ Kd6 50. Kxd4 Rg4+ 51. Kc3 Rg1
52. Kc4 Rc1+ 53. Kd4 Kc6 54. Ra4 Ra1 55. Rc4+ Kd6 56. Rc2 Rh1 57. Kc4 Ra1 58.
Rg2 Rc1+ 59. Kd4 Ra1 60. Rc2 Rh1 61. Kc4 Rg1 62. d4 Ra1 63. Rb2 Rc1+ 64. Kb5
Rc8 65. Rb4 Kd5 66. Ka4 Rc3 67. Ka5 Rc1 68. Kb6 Ra1 69. Ra4 Rb1+ 70. Ka5 Rb2
71. Ka6 Kd6 72. Ra5 Rb4 73. d5 Rb2 74. a4 Rb4 75. Ka7 Rd4 76. Kb7 Rb4+ 77. Kc8
Rc4+ 78. Kd8 Re4 79. Ra7 Kxd5 80. a5 Kc6 81. Rc7+ 1/2-1/2

[Event "Lliga Catalana DH Final B"]
[Site "?"]
[Date "2015.04.18"]
[Round "11.7"]
[White "Almirall Botella, J."]
[Black "Llaneza Vega, P."]
[Result "0-1"]
[WhiteElo "2178"]
[BlackElo "2296"]
[PlyCount "72"]
[EventDate "2015.??.??"]
[EventType "team"]

1. d4 Nf6 2. c4 g6 3. Nc3 Bg7 4. e4 d6 5. Be2 O-O 6. Nf3 e5 7. d5 a5 8. Bg5 Na6
9. Nd2 h6 10. Bh4 Qe8 11. Nb5 Bd7 12. f3 Nh5 13. O-O f5 14. Bf2 Nf4 15. Rc1 Qe7
16. Kh1 b6 17. Re1 h5 18. a3 Bh6 19. Bf1 h4 20. Rb1 Nh5 21. b4 axb4 22. axb4
Qg5 23. Rb2 Ng3+ 24. Kg1 Nxf1 25. Kxf1 h3 26. g3 Nxb4 27. f4 exf4 28. Nf3 Qg4
29. exf5 fxg3 30. hxg3 Qxc4+ 31. Kg1 Bxb5 32. Re7 Rae8 33. Rbe2 Rxe7 34. Rxe7
Nxd5 35. Re6 Nf6 36. Nd4 Qd5 0-1

[Event "Lliga Catalana DH Final B"]
[Site "?"]
[Date "2015.04.18"]
[Round "11.8"]
[White "De la Riva Aguado, J."]
[Black "Roca Diaz, MA."]
[Result "1-0"]
[WhiteElo "2306"]
[BlackElo "2173"]
[PlyCount "59"]
[EventDate "2015.??.??"]
[EventType "team"]

1. e4 c6 2. Nc3 d5 3. Nf3 Bg4 4. h3 Bxf3 5. Qxf3 Nf6 6. d3 e6 7. Bd2 Nbd7 8. g4
Be7 9. g5 dxe4 10. dxe4 Ne5 11. Qg3 Nfd7 12. f4 Ng6 13. O-O-O Qc7 14. Bc4 b5
15. Bd3 Nc5 16. Ne2 Rd8 17. h4 Nxd3+ 18. cxd3 b4 19. Kb1 a5 20. h5 Nf8 21. Be3
e5 22. fxe5 Ne6 23. d4 Qb7 24. g6 O-O 25. gxh7+ Kxh7 26. Nf4 Nxf4 27. Qxf4 b3
28. a3 f5 29. exf5 c5 30. h6 1-0